Ведомости об учебных заведениях, именные списки учителей и служащих по Московскому учебному округу за 1835 год

Доступно только в Электронных читальных залах Найти на картеНа карте
RUSMARC
00003970nmc2a2200000 x 450
001eb34e6c0-58e5-446a-9759-318e0838c9ee
00520160707151129.0
100##$a20150703l18351836k l0rusy0189 ca
1010#$arus
102##$aRU
2001#$aВедомости об учебных заведениях, именные списки учителей и служащих по Московскому учебному округу за 1835 год
$j1836-1836 гг.
251##$cДело
300##$aДело
300##$aОриг. заголовок дела: Ведомости об учебных заведениях и списки чиновников и преподавателей Московского учебного округа за 1835 год
801#0$aRU
$bРГИА
$c20150703
$gRCR
801#1$aRU
$bГлавНИВЦ
$c20150703
$2rusmarc
801#2$aRU
$bПБ им. Б.Н. Ельцина
$c20160707
$gRCR
$2rusmarc
850##$aРГИА
852##$aРГИА
$eФедеральное казенное учреждение "Российский государственный исторический архив" (РГИА)
$j197
937##$hРГИА
$d11597652
$aASBIBLIO_SCAN
461#0$1001a74412a3-3cc5-4d21-8f0a-dfe2fbd9e72d
$12001
$aДепартамент народного просвещения Министерства народного просвещения (1803-1917)
$1251
$cФонд
$1852
$j733
462#0$1001fd6b21ee-d87a-47e3-a853-b37a42a57f1e
$12001
$aОтчеты научных учреждений и учебных округов Департамента народного просвещения
$1251
$cОпись
$1852
$j95
215##$a334 л.
$d36,5x26 см
371##$aДокумент не является опубликованным и широко распространяемым
105##$aу###
1222#$ad
5171#$aВедомости об учебных заведениях и списки чиновников и преподавателей Московского учебного округа за 1835 год
035##$aeb34e6c0-58e5-446a-9759-318e0838c9ee
Формат отображения